00327 a2200121 450000100060000008200170000610000300002324500730005325000060012626000420013230000140017450000170018892106 a891.4393 AZE aAzeem Beg Chughtai, Mirza aMajmooa Mirza Azeem Beg ChughtaibMazameen, Dastaan, Dramay,Afsaanay a1 aLahorebSange Meel Publicationsc2008 a672p.bHb aGeneral Book